Asien Kort Quiz - Statistics

General Stats
  • This quiz has been taken 549 times
  • The average score is 22 of 48
Answers on the Map
Answers color-coded by a green-red scale on the quiz's map according to % correct below.
 
Answer Stats
Answer % Correct
Kina
85%
Japan
84%
Syd Korea
82%
Nord Korea
81%
Indien
77%
Mongoliet
77%
Indonesien
67%
Saudi Arabien
58%
Tyrkiet
56%
Thailand
55%
Oman
54%
Sri Lanka
54%
Filippinerne
53%
Vietnam
53%
Yemen
53%
Taiwan
52%
Kasakhstan
51%
Nepal
51%
Irak
48%
Pakistan
47%
Cypern
46%
Iran
46%
Maldiverne
44%
Laos
43%
Malaysia
42%
Bangladesh
40%
De Forenede Arabiske Emirater
40%
Israel
40%
Cambodia
39%
Øst Timor
38%
Afghanistan
36%
Singapore
36%
Qatar
35%
Syrien
35%
Myanmar
33%
Jordan
31%
Bhutan
28%
Usbekistan
28%
Libanon
27%
Armenien
26%
Kuwait
26%
Aserbajdsjan
25%
Brunei
24%
Tadsjikistan
23%
Turkmenistan
22%
Bahrain
21%
Kirgisistan
21%
Georgien
20%
No matching quizzes found
Score Distribution
Percent of People with Each Score
Percentile by Number Answered
Your Score History
You have not taken this quiz